[Event "RUS-chT 11th"]
[Site "Sochi"]
[Date "2004.04.20"]
[Round "1.3"]
[White "Frolov, Denis"]
[Black "Inarkiev, Ernesto"]
[Result "1/2-1/2"]
[WhiteElo "2401"]
[BlackElo "2595"]
[Annotator "Erenburg,S"]
[PlyCount "97"]
[EventDate "2004.04.20"]
[EventType "team-tourn"]
[EventRounds "9"]
[EventCountry "RUS"]
[SourceTitle "EXT 2020"]
[Source "ChessBase"]
[SourceDate "2019.10.17"]
[SourceVersion "1"]
[SourceVersionDate "2019.10.17"]
[SourceQuality "1"]
[WhiteTeam "Tomsk Siberian Athens-Neftekhim"]
[BlackTeam "Tomsk 400"]
[WhiteTeamCountry "RUS"]
[BlackTeamCountry "RUS"]

1. e4 g6 2. d4 Bg7 3. Nc3 d6 4. Nf3 Nf6 5. Bg5 h6 {Black doesn't want, that
white will have option of e4-e5 with following pressure on the e7 pawn.
Therefore, he drives away white's dark-squared bishop.} (5... c6 6. Qd2 h6 7.
Be3 d5 8. Bd3 dxe4 9. Nxe4 Nxe4 10. Bxe4 Nd7 11. c4 Nf6 12. Bd3 $14 {1/2-1/2
Savicevic,V-Tseshkovsky,V/Ulcinj 1998/EXT 99 (38)}) (5... O-O 6. Qd2 Bg4 7. Qf4
Bxf3 8. Qxf3 Nc6 9. O-O-O Nd7 10. Qe3 $16 {1-0 Watson,W-Beim,V/Germany 2000/
CBM 82 ext (35)}) 6. Be3 a6 {preparing to grab some space on queenside. Black
tried also} (6... Ng4 7. Bf4 Nc6 8. d5 e5 9. dxe6 Bxe6 10. Be2 Nge5 11. Be3 Ng4
12. Bc1 O-O 13. O-O Nf6 14. Bb5 Re8 $11 {1-0 Tal,M-Gulko,B/Sochi 1970/EXT 99 
(51)}) (6... c6 7. Qd2 b5 8. Bd3 Ng4 9. Bf4 e5 10. dxe5 dxe5 11. Bg3 h5 12. Bh4
f6 13. h3 Bh6 14. Qe2 b4 15. Na4 g5 16. Bg3 h4 17. Bh2 Nxh2 18. Nxh2 Nd7 $13 {
1/2-1/2 Aronin,L-Smyslov,V/Moscow 1951/URS-ch (51)}) (6... O-O 7. h3 c6 8. Qd2
Kh7 9. g4 b5 10. g5 b4 11. gxf6 bxc3 12. Qxc3 exf6 13. O-O-O d5 $13 {1-0
Thorhallsson,T-Gunnarsson,J/Kopavogur 2000/EXT 2001 (52)}) 7. a4 {not giving
up on space on the queenside. White has the following possibilities:} (7. h3 b5
8. e5 Ng8 9. Bd3 e6 10. Be4 d5 11. Bd3 c5 12. dxc5 Nd7 13. Bf4 b4 14. Na4 Qa5
15. Nb6 Nxb6 16. cxb6 Qxb6 17. O-O $14 {1/2-1/2 Karolyi,T-Sulava,N/Groningen
1981/EXT 2000 (49)}) (7. Qd2 Ng4 8. Bf4 Nc6 9. h3 e5 10. hxg4 exf4 11. Qxf4
Nxd4 12. O-O-O Nxf3 13. gxf3 Be6 $15 {0-1 Jensen,H-Thuesen,M/Copenhagen 1997/
EXT 2000 (22)}) 7... b6 $146 {Black prefers a fianchetto to an exchange on f3
as a solution for development of light-squared bishop. According to my
database, this move is new. In the preceding game black continued} (7... O-O 8.
h3 d5 9. e5 Ne4 10. Bd3 Nxc3 11. bxc3 c5 12. dxc5 Nc6 13. Bd4 Be6 14. O-O Rc8
15. Qe2 Qc7 16. Rfe1 Qd7 17. Nd2 $14 {1/2-1/2 Saric,A-Drazic,S/10th Open,
Bosnjaci CRO 2004 (46)}) (7... Bg4 {is typical alternative for such type of
positions.}) 8. h3 {covering the g4 square.} e6 (8... O-O 9. Qd2 Kh7 10. Bd3
$14) 9. Qd2 {preventing from black short castle.} Nc6 {Black suffers from lack
of space, but, on the other hand, his pawn structure is very flexible, that
gives him good chances for counterattack.} 10. Be2 Ne7 11. O-O Bb7 12. Bd3 Nh5
{Black has some problems with completing the development. It is a well-known
fact, that the best defence is an attack! So, Ernesto intends to get a
counterplay on the kingside with g6-g5.} 13. Nh2 $5 g5 14. Ne2 {covering the
f4 square.} e5 {preparing an occupation of f4 stronghold by the knight. Black
attacks white's center, thus, he defines the pawn structure.} 15. d5 {White
limits the possibilities of black's light-squared bishop, and, at the same
time, he gets some space on the queenside, that will allow him to develop an
initiative there. But, there are some disadvantages of this move as well. It
allows black to get a counterplay on the kingside with f7-f5, and, black's
light-squared bishop can be activated by transfer to c8-h3 diagonal.} (15. dxe5
Bxe5 16. c4 Ng6 $13) 15... f5 16. Ng3 Nf6 {keeping the threat of f5-f4.} (16...
Nf4 17. Bxf4 exf4 (17... gxf4 18. Nh5 $14) 18. Nxf5 $14) 17. Nxf5 Nxf5 18. exf5
Bxd5 19. Ng4 $13 {getting the knight into the game. This position isn't easy
for evaluation. White has two semi-open files "e" and "d", that probably,
compensate the defect of double pawns. Black's plan should be pushing forward
the central pawns, while white has to prevent it from black and centralize his
pieces.} Bb7 20. c4 {Right decision. White prevents from black d6-d5, and, at
the same time, he intends to attack black's queenside pawns with a4-a5.} O-O ({
Deserveed attention} 20... a5 {, preventing white's a4-a5.}) 21. Qc2 ({In my
opinion, more logical was to create black's weakness.} 21. a5 bxa5 22. Rxa5 Qd7
$13) 21... Nh5 {Again black intends to occupy the d4 square with the knight.} (
21... a5 $5) 22. Rad1 (22. a5 $5) 22... Qe7 {threatening with e5-e4.} 23. Be4 {
White prevents from black a breakthrough, and, he hopes to use the weaknesses
of light squares in the black camp.} Bxe4 24. Qxe4 a5 {Better later, than
never.} 25. Bc1 {liberating the e3 square for the knight, from where it will
protect the f5 pawn.} Qd7 {[%cal Yd7a4,Gd7f5,Gf8f5] attacking two pawns at the
same time.} (25... Qf7 26. Ne3 Nf6 $15 {/=.}) 26. Nxe5 $1 Qxf5 27. Qd5+ ({
Maybe white should prefer simple} 27. Qxf5 Rxf5 28. Nd3 $11) 27... Kh8 28. Ng4
Qxd5 {Black hurries with the capture on d5, as he doesn't want to allow
white's knight to occupy that square via e3.} 29. cxd5 Rae8 30. b3 Nf4 ({
Worse is} 30... Re2 $2 31. Rfe1 Rfe8 32. Kf1 $14) 31. Bxf4 Rxf4 32. Rc1 Re7 $6
{Black missed more attractive continuation:} (32... h5 $1 33. Ne3 Bd4 $1 34.
Rfe1 (34. Rxc7 Rxe3) 34... Bc5 $15) 33. Rfd1 {more precise than} (33. Rfe1
Rxe1+ 34. Rxe1 b5 35. axb5 Rb4 $15) 33... h5 34. Ne3 Ref7 35. Rd2 Bd4 36. Rc4
Bxe3 37. fxe3 Rxc4 38. bxc4 $11 {The endgame is drawish. While white needs
still to play carefully.} Kg7 {activating the king.} 39. Rd4 $1 {The activity
of the rook is one of the main factors in RR endgames.} Kf6 40. Re4 {
restricting the black monarch from the centre.} Re7 {Black hadn't any other
way to improve his position.} 41. Rxe7 Kxe7 42. Kf2 Kf6 43. Ke2 $1 (43. g4 $4 {
loses:} hxg4 44. hxg4 b5 $1 45. cxb5 (45. axb5 a4 46. c5 dxc5 47. d6 Ke6 48.
dxc7 Kd7 $19) 45... Ke5 $19) ({White has a draw after} 43. Kf3 {as well:} Ke5
44. Ke2 Ke4 45. g3 $11 b5 $4 46. axb5 a4 47. Kd2 a3 48. Kc2 Kxe3 49. c5 $18)
43... Kf5 (43... Ke5 44. Kd2 $11) 44. Kd3 h4 (44... g4 45. h4 $11 g3 $4 46. Kd4
Kg4 47. Ke4 Kxh4 48. Kf4 $18) 45. Kd4 g4 46. Kd3 gxh3 47. gxh3 Ke5 48. Kd2 Kf5
49. Ke1 1/2-1/2

[Event "St Petersburg-ch 77th"]
[Site "St Petersburg"]
[Date "2004.04.03"]
[Round "3"]
[White "Matlakov, Maxim"]
[Black "Lugovoi, Aleksei"]
[Result "1/2-1/2"]
[WhiteElo "2346"]
[BlackElo "2554"]
[Annotator "Erenburg,S"]
[PlyCount "46"]
[EventDate "2004.04.01"]
[EventType "tourn"]
[EventRounds "11"]
[EventCountry "RUS"]
[EventCategory "10"]
[SourceTitle "CBM 101"]
[Source "ChessBase"]
[SourceDate "2004.07.27"]
[SourceVersion "1"]
[SourceVersionDate "2004.07.27"]
[SourceQuality "1"]

1. e4 d6 2. d4 Nf6 3. Nc3 g6 4. Nf3 Bg7 5. Be2 O-O 6. O-O Bg4 {Black chooses
the theoretical line, where he solves immediately the problem of light-squared
bishop by changing it. Other theoretical possibilities are:} (6... Nc6 {
1/2-1/2 Pelletier,Y-Smirin,I/Biel 2003/CBM 97_01/[Erenburg] (46)}) (6... e6 $5
{1-0 Azarov,S-Gretarsson,H/Rethymnon 2003/CBM 98/[Erenburg] (45)}) (6... c6 7.
a4 Nbd7 8. e5 {1-0 Azarov,S-Azmaiparashvili,Z/Rethymnon 2003/CBM 98/[Erenburg]
(42)}) 7. Bg5 {Quite a rare continuation. In my opinion, it isn't the best
place for dark-squared bishop. I would advice to develop it to e3:} (7. Be3 {
1/2-1/2 Ivanchuk,V-Hillarp Persson,T/Malmo 2003/CBM 95/[Erenburg] (18)}) (7. h3
{1/2-1/2 Tseitlin,M-Chernin,A/Beersheba 1992/CBM 30/[Stohl] (45)}) 7... Nc6 {
intending to attack white's centre. Black tried also} (7... h6 {1-0
Azmaiparashvili,Z-Belkhodja,S/Dubai 2002/CBM 89/[Avrukh,B] (64)}) 8. Qd2 {
connecting the rooks.} (8. h3 {1/2-1/2 Matulovic,M-Botvinnik,M/Belgrade 1970/
MCL/[Bulletin] (93)}) 8... Nd7 {Black attacks white's central pawn d4, thus,
he provokes white to play d4-d5, that will open the long diagonal for black's
dark-squared bishop.} (8... e5 9. d5 Ne7 10. Rad1 Kh8 11. Ne1 Bd7 12. Bh6 Neg8
13. Bxg7+ Kxg7 14. Nd3 Qe7 15. f4 exf4 16. Rxf4 Be8 17. Rdf1 $16 {0-1 Comas
Fabrego,L-Magem Badals,J/Linares 1991/EXT 2000 (22)}) (8... Bxf3 9. Bxf3 h6 10.
Be3 Kh7 11. Ne2 e5 12. d5 Ne7 13. Ng3 Nd7 14. Be2 Ng8 15. c3 Bf6 16. Bg4 Nb6
17. b3 Bg5 18. f4 $16 {1-0 Ovezov,A-Sanduleac,V/Istanbul 2000/EXT 2001 (45)})
9. Nd5 $1 (9. d5 {doesn't promise white anything:} Bxf3 10. dxc6 Bxe2 11. cxb7
Bxf1 12. bxa8=Q Qxa8 13. Rxf1 Rb8 $11 {1/2-1/2 Nadyrhanov,S-Odesskij,I/Moscow
1995/EXT 2000 (23)}) 9... f6 $6 $146 {In my opinion, not successful novelty.
Black worsens his pawn structure, and, as the result, creates for himself the
weaknesses of light squares in his camp. Probably, the continuations, that
were tried in previous games are better:} (9... Re8 10. c3 Nb6 11. Ne3 Bxf3 12.
Bxf3 f6 13. Bh4 e5 14. d5 Ne7 15. Bg4 $16 {1/2-1/2 Lerner,K-Tseshkovsky,V/
Odessa 1974/EXT 99 (56)}) (9... Nf6 10. Nxf6+ exf6 11. Be3 f5 12. h3 Bxf3 13.
Bxf3 f4 14. Bxf4 Nxd4 $11 {1/2-1/2 Byrne,R-Sigurjonsson,G/Geneve 1977/EXT 98 
(22)}) 10. Be3 ({Interesting alternative was} 10. Bh4 $5 Bxf3 11. Bxf3 g5 12.
Bg3 e5 (12... f5 13. Qxg5 Nxd4 14. Qxe7 $16) (12... e6 13. Nb4 $1 $14) 13. dxe5
Ndxe5 14. Be2 $14) 10... e6 {driving away the knight from an excelent position.
} (10... e5 11. dxe5 Ndxe5 12. Nxe5 Nxe5 13. f4 $16) 11. Nf4 e5 {Black is
going to open the "e" file for his rook, that will give his pieces a bit more
space.} (11... Qe7 12. d5 Nd8 13. dxe6 Nxe6 14. Nd5 $14) 12. Bc4+ {White is
going to get a pair of bishops.} Kh8 13. Ne6 Bxe6 14. Bxe6 Qe8 (14... exd4 15.
Nxd4 Nxd4 16. Bxd4 Nc5 {and black is close to equality.}) 15. Bb3 {sacrificing
the pawn.} (15. d5 Nd8 16. Bh3 f5 $13) ({Probably better was} 15. Bd5 $14)
15... exd4 16. Nxd4 Nxd4 17. Bxd4 Qxe4 18. Rfe1 Qc6 19. Re7 $1 $44 {White's
pieces activity compensates the pawn. It isn't so easy for black to neutralize
white's initiative.} Rae8 20. Rae1 Rxe7 (20... Ne5 {is quite dubious in view of
} 21. Rxe8 Rxe8 22. f4 Bh6 23. h3 $1 $44 {[%cal Yd2f2,Yf2h4]}) 21. Rxe7 Nc5 22.
Bxc5 {Other continuations don't promise white anything special:} (22. Bf7 Ne4 (
22... d5 23. Qc3 b6 24. Bxc5 bxc5 25. Qa5 Rc8 $11) 23. Qd3 d5 24. Bxd5 Qxd5 25.
Qxe4 Qxe4 26. Rxe4 f5 $11) (22. Qc3 Nxb3 23. cxb3 Qxc3 24. bxc3 c5 25. Be3 f5
26. c4 Kg8 27. Rxb7 Rf7 $11) 22... Qxc5 $2 ({Better was} 22... dxc5 23. Qd5 (
23. Qe2 Qd6 $1) 23... Qxd5 24. Bxd5 Rd8 25. Bf3 f5 $11) 23. Qe2 $1 {
threatening Rxg7.} d5 $1 {In final position white's chances are preferable:} (
23... d5 24. Qe6 f5 (24... Qd4 25. g3 $1 $14) 25. Qd7 Qd4 26. c3 Qd2 27. Bc4 $3
$14) 1/2-1/2

[Event "Elgoibar 12th"]
[Site "Elgoibar"]
[Date "2002.12.16"]
[Round "5"]
[White "Paunovic, Dragan"]
[Black "Herraiz Hidalgo, Herminio"]
[Result "1/2-1/2"]
[WhiteElo "2532"]
[BlackElo "2458"]
[Annotator "Erenburg,S"]
[PlyCount "76"]
[EventDate "2002.12.12"]
[EventType "tourn"]
[EventRounds "9"]
[EventCountry "ESP"]
[EventCategory "9"]
[SourceTitle "CBM 093"]
[Source "ChessBase"]
[SourceDate "2003.04.01"]
[SourceVersion "1"]
[SourceVersionDate "2003.04.01"]
[SourceQuality "1"]

1. d4 g6 2. e4 Bg7 3. Nf3 ({Other theoretical line is} 3. c4) (3. Nc3 {
calculated as a main line.}) 3... d6 4. Nc3 Nf6 5. h3 O-O 6. Be3 {This
variation is very similar to variation B07-4.Be3, 5.h3. In this variation
white's plan of the development is usually: Be2, 0-0 and after black provides
e7-e5, white transfers the knight f3 to c4 via d2.} c6 7. a4 Nbd7 ({Another
possible continuation is:} 7... d5 $1 {1/2-1/2 Sutovsky,E-Hodgson,J/York 1999/
CBM 75/[Avrukh,B] (35)}) 8. Be2 e5 9. dxe5 dxe5 10. Nd2 {White intends to
emphasize the main defect of black position- weakness of the d6 square,
transfering his knight to c4.} Qe7 11. Nc4 {[%cal Yd1d6]} Rd8 ({Black has an
option to prevent white's Qd6-} 11... Ne8 {0-1 Mortensen,E-Kasimdzhanov,R/
Germany 1999/CBM 73 ext (70)}) 12. Qd6 Qxd6 (12... Bf8 13. O-O-O $14) 13. Nxd6
$14 Bf8 (13... Nb6 14. O-O-O Bf8 {- the game}) 14. O-O-O Nb6 15. Nc4 {After
this move white continues the pressure on the black's queen side,} ({while,} 
15. Nxc8 {didn't promise anything special for white:} Raxc8 {. White has a
pair of bishops, but, on the other hand, black hasn't weaknesses. So position
is close to be equal with a slight advantage for white.}) 15... Rxd1+ 16. Rxd1
Nxc4 17. Bxc4 Be7 {Black's position is very solid , and out of weaknesses.
However, he has a problem to complete the development on the queenside pieces,
because of lack of space.} (17... Bb4 18. Bh6 $14 (18. f3 $5)) 18. Bg5 $146 {
, preventing Be6.} ({In according to my database this position was appeared
only in one game, where white continued} 18. g4 {. 1/2-1/2 Spassky,B-Chabanon,
J/FRA 1991/CBM 27/[Stohl] (29)}) 18... Kf8 {[%cal Yf8e8] The black monarch
goes to the center to assist the development of the queenside' pieces.} (18...
Be6 19. Bxe6 fxe6 20. Bxf6 Bxf6 21. Rd7 $16) 19. Rd3 {[%csl Rf6,Rf7][%cal
Gd3f3] If black succeeds to complete the development of Ra8 and Bc8, he will
get the equality, so white tries to create some problems for black immediately.
} Nh5 (19... Ng8 {probably was more accurate, not giving the resourse of Bh6+})
(19... Ke8 {is already met by} 20. Rf3 $18) 20. Bh6+ Kg8 (20... Ke8 $2 {
[%tqu "En","Please find the strongest move for white.","","","c3b5","",10]} 21.
Nb5 $1 Bd8 (21... cxb5 22. Bxb5+ Bd7 23. Bxd7+ $18) 22. Nd6+ Ke7 23. Nxf7 $18)
21. Ne2 {Preventing Nf4 and preparing g2-g4.} Ng7 (21... Nf6 {comes to
consideration.} 22. Rf3 $5 {[%cal Yg2g4]}) 22. f4 $1 {White is trying to open
more files and diagonals in order to get use of his development advantage.}
exf4 23. Nxf4 Rb8 {preparing b7-b6.} ({After} 23... Ne8 {white succeeds to
limit black's pieces some more:} 24. e5 Nc7 25. g4) (23... b6 $2 24. Nd5 $1 Bh4
(24... cxd5 25. Bxd5 Rb8 26. Bf4 $18) 25. g3 $16 (25. Nc7 $16)) 24. g4 (24. Rf3
{parried by} Be6 (24... Ne6 25. g4 {saving some pressure}) (24... Bd7 $2 25.
Nxg6 hxg6 26. Rxf7 $18) 25. Nxe6 Nxe6 {with equality.}) 24... b6 25. b4 (25. g5
{deserved attention.}) 25... a6 26. b5 axb5 27. axb5 cxb5 28. Bxb5 $16 {
White's pieces are much more active- they occupied superb positions, on the
next move white knight is going to d5, therefore white has got a serious
advantage.} Ne6 (28... Bb7 29. Nd5 $16) 29. Nd5 Bg5+ 30. Bxg5 Nxg5 31. e5 Bb7
32. Nf6+ $6 (32. c4 $1 {[%cal Gd5b6,Gh3h4] was obviously better. Technically
white's position is almost winning.} Bxd5 $2 33. cxd5 $18 {[%csl Gd5,Ge5]})
32... Kg7 33. Bc4 $6 ({White could keep the advantage after} 33. Ne8+ Kf8 34.
Nd6) 33... Bg2 $1 (33... Nf3 34. Nd7 $14) 34. h4 Nf3 {Black is very close to
equality.} 35. Nd7 Rc8 36. Nxb6 (36. Bd5 Ne1 $11) ({White has to play} 36. Bb3
$14 {to continue to fight for the win.}) 36... Rc6 37. Bd5 Nxe5 38. Bxc6 Nxd3+
(38... Nxd3+ 39. cxd3 Bxc6 $11) 1/2-1/2

[Event "RUS Cup final 6th"]
[Site "Nefteyugansk"]
[Date "2002.10.12"]
[Round "8"]
[White "Yevseev, Denis"]
[Black "Kornev, Alexei"]
[Result "1/2-1/2"]
[WhiteElo "2553"]
[BlackElo "2566"]
[Annotator "Erenburg,S"]
[PlyCount "59"]
[EventDate "2002.10.06"]
[EventType "tourn"]
[EventRounds "11"]
[EventCountry "RUS"]
[EventCategory "11"]
[SourceTitle "CBM 092"]
[Source "ChessBase"]
[SourceDate "2003.02.06"]
[SourceVersion "1"]
[SourceVersionDate "2003.02.06"]
[SourceQuality "1"]

1. d4 g6 2. e4 Bg7 3. Nc3 c6 4. Nf3 d6 5. Be2 Nf6 (5... Nd7 $5 {[%cal Ge7e5]})
6. O-O O-O 7. h3 {[%csl Rg4,Gh2][%cal Yc1f4,Yf4h2]} (7. a4 a5 8. Re1 (8. h3 Na6
9. Bf4 Nb4 10. Qd2 b6 $146 (10... e5 11. dxe5 dxe5 12. Bxe5 Qxd2 13. Nxd2 Nxc2
14. Rac1 Nb4 15. Nc4 Be6 16. Nd6 $16 {Rozentalis,E-Ftacnik,L/Bundesliga 1998})
11. Rad1 Bb7 12. Bh6 d5 $6 (12... Bxh6 13. Qxh6 Nxc2 $2 14. e5 $18) (12... Qc7)
13. Bxg7 Kxg7 14. e5 Ne8 15. Rde1 f5 16. h4 $1 (16. exf6+ exf6 {, Ne8-d6})
16... Nc7 17. h5 $14 {1-0 Rozentalis,E-Iuldachev,S/Elista 1998/CBM 66 ext/
[Rozentalis] (53)}) 8... Na6 9. h3 Nb4 10. Bf4 $13) (7. Bf4 Nh5 $5 (7... Nbd7
8. e5 Ne8) 8. Be3 d5 (8... e5 9. Qd2 Nd7 10. Rad1 $14) 9. h3 (9. e5 Bh8 {
/\Ng7-e6[f5],f6}) 9... dxe4 (9... Nf6 10. e5 Ne4 11. Nxe4 dxe4 12. Ng5 Bf5 13.
g4 h6 14. gxf5 hxg5 15. fxg6) 10. Nxe4 Nd7 11. Re1 $14 {0-1 Solozhenkin,
E-Kharlov,A/St Petersburg 1998/CBM 67/[Yudasin,L] (35)}) 7... Qc7 (7... Nbd7 8.
e5 (8. Bf4 Nh5 9. Bh2 e5 10. dxe5 dxe5 11. Nd2 Nf4 12. Nc4 $14) 8... Ne8 9. Bf4
Nb6 10. Re1 Nc7 11. exd6 exd6 12. Ne4 d5 $10) 8. Bf4 (8. a4 Nbd7 (8... a5 9.
Bf4 Nh5 10. Bh2 e5 11. d5 $5) 9. a5 e5 10. dxe5 (10. Re1 exd4 11. Nxd4 Re8 12.
Bf1 Nc5 $132) 10... Nxe5 (10... dxe5 11. Be3 (11. b4 Rd8 12. Bd3 Bf8 13. Rb1
$14) 11... Rd8 12. Nd2 Bf8 13. Qe1 Nc5 $10) 11. Be3 $14 {1/2-1/2 Zarnicki,
P-Ginzburg,M/Buenos Aires 1998/CBM 65/[Yudasin,L] (35)} (11. Nxe5 dxe5 12. Be3
Rd8 13. Qc1 Be6 $10)) 8... Rd8 $6 $146 {This move was played first time, which
I wouldn't recommend.} (8... Nbd7 {1-0 Shirov,A-Nikolic,P/Monte Carlo 2000/CBM
76/[Finkel,A] (54)}) (8... Nh5 9. Bh2 (9. Be3 e5 10. Qd2 Nd7 11. a4 Re8 12.
Rad1 exd4 13. Nxd4 Nhf6 14. f3 Nc5 15. Bc4 a6 16. b4 $14 {Tukmakov-Uhlmann
1977. Inf.24/194}) 9... e5 10. Qd2 {/\g4}) 9. e5 {This move changes the pawn
structure and promises the stable advantage for white.} dxe5 10. Bxe5 Qb6 11.
Qd2 $1 {[%csl Rb6][%cal Gc3a4]} Rf8 {This move looks quite strange, but it's
probably, not so bad.} (11... Qxb2 $2 12. Rab1 Qa3 {[%tqu "En","Please enter a
move for white.","","","e5c7","",10]} 13. Bc7 {[%csl Ra3,Ra5,Rd8][%cal Gb1b3]})
12. Bc4 $1 {[%csl Gc4] A very good position for white's bishop, where it
controls the important diagonal a2-g8.} Nbd7 (12... Qxb2 $2 13. Rab1 Qa3 14.
Rb3 Qa5 {[%tqu "En","Please find the strongest move for white.","","","c3d5",
"",10]} 15. Nd5 Qxd2 (15... Qd8 16. Nc7 $18) 16. Nxe7+ Kh8 17. Nxd2 {[%cal
Ge7c8]} b5 18. Bxf7 $16) 13. Bh2 Qd8 ({After} 13... Qxb2 $5 {I didn't find
anything more than equal.} 14. Rab1 Qa3 15. Rb3 Qa5 16. Nd5 Qd8 17. Nc7 (17.
Bc7 Qe8 18. Nxe7+ $4 Qxe7 19. Re1 Ne4) 17... Rb8 18. Na6 $11 ({In case of} 18.
Ng5 {[%cal Gg5e6,Gc7e6,Gc4f7,Gg5f7] black reacts with} Nb6 $1 {[%csl Ge6]}))
14. Rfe1 $14 a5 {[%cal Gb7b5]} 15. Qe2 e6 {Black has a passive, but a solid
position, so it will not be easy for white to win this game.} 16. a4 {
preventing b7-b5} Nb6 17. Bb3 (17. Bd3 $5 {came to consideration.}) 17... Nbd5
18. Ne4 Nxe4 19. Qxe4 b6 {[%cal Gc8b7] Black has to solve the problem of his
light-squared bishop.} 20. Rad1 Bb7 21. c4 {[%csl Rb7][%cal Gc4c5]} Nb4 22. c5
(22. Rd2 $5 {[%cal Ge1d1] good as well}) 22... Nd5 23. Bd6 ({Another way to
develop the initiative was:} 23. Ne5 $5 {[%cal Ge5c4,Gc4d6]}) 23... Re8 24. Ne5
f6 25. Nc4 bxc5 26. dxc5 f5 27. Qe2 $6 {This move solves the main problem of
black- the light-squared bishop. Black gets opportunity to change it. While
better was} (27. Qf3 $142 $1 $16 {[%cal Gc4e5]}) 27... Ba6 {[%cal Ga6c4]} 28.
Qf3 Bxc4 29. Bxc4 Qd7 (29... Bxb2 $2 {allows to white to win the game
forcively.} {[%tqu "En","Find the tactical resourse for white.","","","e1e6",
"",10]} 30. Rxe6 $1 Rxe6 31. Bxd5 cxd5 32. Qxd5 Qe8 33. Re1 Kf7 34. Rxe6 Qxe6
35. Qb7+ $1 Kf6 {[%csl Rf6]} 36. Qxa8 $18 {[%cal Ga8h8]}) 30. b3 $14 {White's
position is definetely better, but probably tournament situation allowed him
to agree for a draw.} (30. Re2 $14) 1/2-1/2